Exploring postmodern tought and Levinasian ethics in selected novels of J. M. Coetzee /
Saved in:
| Main Author: | |
|---|---|
| Format: | Thesis Book |
| Language: | English |
| Subjects: | |
| Tags: |
Add Tag
No Tags, Be the first to tag this record!
|
| LEADER | 01224cam a2200313 i 4500 | ||
|---|---|---|---|
| 001 | u995191 | ||
| 003 | SIRSI | ||
| 005 | 201405091533 | ||
| 008 | 140509s2014 my a t 000 0 eng m | ||
| 040 | |a UMM |e rda | ||
| 090 | |a PR13 |b UMP 2014 Tei | ||
| 100 | 1 | |a Teimouri, Mahdi, |e author. | |
| 245 | 1 | 0 | |a Exploring postmodern tought and Levinasian ethics in selected novels of J. M. Coetzee / |c Mahdi Teimouri. |
| 264 | 1 | |c 2014 | |
| 264 | 4 | |c 2014 | |
| 300 | |a x, 206 leaves : |b iiustrations ; |c 30 cm | ||
| 336 | |a text |2 rdacontent | ||
| 337 | |a unmediated |2 rdamedia | ||
| 338 | |a volume |2 rdacarrier | ||
| 502 | |b Ph.D |c Jabatan Inggeris, Fakulti Sastera dan Sains Sosial, Universiti Malaya |d 2014. | ||
| 504 | |a Bibliography: leaves 191-206 | ||
| 600 | 1 | |a Coetzee, J. M., |d 1940- |x Criticism, Textual. | |
| 650 | 0 | |a Postmodernism (Literature) |x History and criticism. | |
| 650 | 0 | |a Authors, African |x History and criticism |x Theory, etc. | |
| 650 | 0 | |a English fiction |x History and criticism. | |
| 710 | 2 | |a Universiti Malaya. |b Jabatan Inggeris, |e degree granting institution. | |
| 900 | |a ZA | ||
| 596 | |a 1 | ||
| 999 | |a PR13 UMP 2014 TEI |w LC |c 1 |i A515928325 |d 13/7/2018 |e 13/7/2018 |f 11/5/2015 |g 1 |l STACKS |m P01UTAMA |n 3 |r Y |s Y |t TESIS |u 28/4/2015 | ||
